| 000 | 00551nam a2200193Ia 4500 | ||
|---|---|---|---|
| 008 | 131103s9999 xx 000 0 und d | ||
| 040 | _aLoreto College | ||
| 041 | _aEnglish | ||
| 082 |
_a371.9/HIL _bLCBED/1439 |
||
| 100 | _aHill, Arthur S | ||
| 245 | 4 |
_aThe severely retarded child goes to school _cArthur S Hill |
|
| 260 |
_aWashington _bFederal Security _c[19?} |
||
| 300 |
_av,54p. _b ill. _c 23cm. |
||
| 440 | _aThe forward look | ||
| 504 | _aIncludes references | ||
| 650 | _aElementary education | ||
| 850 | _aLCBED/372/HIL | ||
| 942 | _cBK | ||
| 999 |
_c26271 _d76750 |
||